000 00976nam a2200301 i 4500
001 bg
100 1 _aTHIERRY, Dominique
245 1 0 _aRestrukturyzacja przedsiębiorstw :
_badaptacja pracowników do zmian /
_cDominique Thierry ; przekł. z fr. Marian Egeman.
246 _iTyt. oryg.:
_aRestructurations et reconversion
260 _aWarszawa :
_b"Poltext",
_c1995.
300 _a146, [6] s. ;
_c24 cm.
490 1 _aFinanse, Zarządzanie, Rozwój
500 _aOryg. : "Restructurations et reconversion" 1994.
504 _aBibliogr. s. [149].
650 9 _aAdaptacja społeczna
650 9 _aKadry
_xpolityka
650 9 _aPrzedsiębiorstwo
_xorganizacja
655 _aPodręczniki
700 1 _aEGEMAN, Marian.
_eTł.
830 _aFinanse, Zarządzanie, Rozwój
020 _a8385366849
040 _cBPK
041 1 _apl
_hfr
080 _a658.3:316.334.2](07)
920 _a83-85366-84-9
942 _cKS
008 s pl f |000 0 pol
999 _c25296
_d25296
856 _uhttp://koha.tu.koszalin.pl/cgi-bin/koha/opac-detail.pl?biblionumber=25296
_yKatalog online BPK